Szczegóły MARC21

Grand dictionnaire étymologique & historique du français /

005 -DATA I CZAS OSTATNIEJ MODYFIKACJI [,]
    • @
    • pole kontrolne
    • 20091125140639.0
020 -Międzynarod. znormalizowany nr książki - ISBN [ , ]
    • a
    • Numer ISBN
    • 9782035323101 Find
040 -Instytucja sporządzająca opis [ , ]
    • a
    • Instytucja, która sporządziła opis (NP)
    • SZCZ U/KLR
    • c
    • Instytucja, która sporządziła rekord (NP)
    • SZCZ U/KLR
    • d
    • Instytucja, która zmodyfikowała rekord (P)
    • SZCZ U/RJ
041 -Język dokumentu [0, ]
    • a
    • Język tekstu (P)
    • francuski
044 -Kraj miejsca wydania [ , ]
    • a
    • Kraj miejsca wydania
    • Francja
942 -Rodzaj dokumentu [ , ]
    • c
    • Rodzaj dokumentu
    • Książka
100 -Hasło główne - nazwa osobowa [1, ]
    • 9
    • KHW
    • 7945
    • a
    • Nazwa osobowa (NP)
    • Dubois, Jean
    • d
    • Daty biograficzne (NP)
    • (1920- ).
245 -Strefa tytułu i oznaczenia odpowiedzialności [1,0]
    • a
    • Tytuł
    • Grand dictionnaire étymologique & historique du français / Find
    • c
    • Pozostałe elementy strefy tytułu i oznaczenia odpowiedzialności (NP)
    • [Jean Dubois, Henri Mitterand, Albert Dauzat].
246 -Wariant tytułu [3, ]
    • a
    • Tytuł (NP)
    • Grand dictionnaire étymologique et historique du français
260 -Strefa adresu wydawniczego [ , ]
    • a
    • Miejsce wydania (P)
    • Paris :
    • b
    • Nazwa wydawcy (P)
    • Larousse,
    • c
    • Data wydania (P)
    • 2005.
300 -Strefa opisu fizycznego [ , ]
    • a
    • Określenie formy książki i/lub objętość (NP)
    • 21, 1254 s. ;
    • c
    • Format (NP)
    • 24 cm.
080 -Uniwersalna Klasyfikacja Dziesiętna [ , ]
    • 2
    • Identyfikator wydania tablic
    • UDC-P058
    • 9
    • UKD
    • 8052
    • a
    • Symbol klasyfikacji
    • 811.133.1'373.6'374
    • b
    • Dopowiedzenie
    • Język francuski. - Słowniki etymologiczne.
    • 4
    • UKD2
    • 7653
    • x
    • Poddział wspólny
    • =133.1
    • c
    • Dopowiedzenie poddz. wspólnego
    • =Język francuski.
980 -Symbol UKD [ , ]
    • a
    • UKD
    • 811.133.1'373.6'374=133.1
700 -Hasło dodatkowe - nazwa osobowa [1, ]
    • 9
    • KHW
    • 7946
    • a
    • Nazwa osobowa (NP)
    • Mitterand, Henri Find
    • d
    • Daty biograficzne (NP)
    • (1928- ).
700 -Hasło dodatkowe - nazwa osobowa [1, ]
    • 9
    • KHW
    • 7947
    • a
    • Nazwa osobowa (NP)
    • Dauzat, Albert Find
    • d
    • Daty biograficzne (NP)
    • (1877-1955).
920 -ISBN [ , ]
    • a
    • ISBN
    • 978-2-03-532310-1 Find
Sygnatura Numer inwentarzowy Status udost. Data inwentaryzacji Lokalizacja
FR. Słowniki etymologiczne 01A.851512009-08-21BM